Účtovanie DPH, dane z príjmov vo vybranej organizácii a jeho uplatňovanie v daňovej praxi bakalárska práca

Na minha lista:
Detalhes bibliográficos
Autor principal: Valášková, Adriána
Autor Corporativo: Národohospodárska fakulta EU. Katedra financií
Outros Autores: Staríčková, Zuzana
Formato: Livro
Idioma:eslovaco
Publicado em: Bratislava 2019
Tags: Adicionar Tag
Sem tags, seja o primeiro a adicionar uma tag!

MARC

LEADER 00000nbm a2200000 4500
001 0256545
005 20191030131327.9
041 0 |a slo 
044 |a SK 
245 1 0 |a Účtovanie DPH, dane z príjmov vo vybranej organizácii a jeho uplatňovanie v daňovej praxi  |b bakalárska práca  |c Adriána Valášková ; školiteľ: Zuzana Staríčková 
264 1 |a Bratislava  |c 2019 
300 |a 46 s. 
100 1 |a Valášková, Adriána 
700 1 |a Staríčková, Zuzana 
710 2 |a Národohospodárska fakulta EU. Katedra financií